00843nam a2200229Ii 45000010005000000030009000050080041000140200015000550400033000700410008001030820017001111000034001282450072001622640075002343000012003093360026003213370028003473380027003759400050004029990017004529520144004691368CO-ViMGA241108s9999||||xx |||||||||||||| ||und|| a9588159237 aCO-ViMGAbspaerdacCO-ViMGA0 aspa04a927.861 Z16g1 aMANUEL ZAPATA OLIVELLA95002610aManuel Zapata Olivella, caminante de la literatura y de la historia 1a[Lugar de publicación no identificado] : Ministerio de Cultura, 2002 avolumen atextbtxt2rdacontent aunmediatedbn2rdamedia avolumebnc2rdacarrier aidficha_siabuc: 1340. -- ficha_no_siabuc:1368 c44704d44704 001040708001aMEVIGERRbMEVIGERRcGENd2004-07-27hVol.1o927.861 Z16gpECA15320r2024-11-26 09:17:40tEj.1w2024-11-26yBKz1340 | 1607